00521nam a2200109Ia 4500008004100000050002500041100003000066245018100096260008600277300003300363521001500396140724s9999 xx 000 0 und d aTR 897.7b.B858 2012 aBrion, Michael Candido R. 4aThe effectiveness of motion graphics as a technique in promoting the institutional outreach program of Southville International School and Colleges /cMichael Candida R. Brion. aLas Piñas, Philippines :bSouthville International School and Colleges,cc2012. a96 p. :bcol. Ill. ;c28 cm. aMedia Arts